Statistics for Random European Countries on their Native Language

Click here to take the quiz!

General Stats

  • This quiz has been taken 39 times
  • The average score is 9 of 10

Answer Stats

HintCountry% Correct
ShqipëriAlbania
100%
AndorraAndorra
100%
ÖsterreichAustria
100%
BelgiëBelgium
100%
Босна и ХерцеговинаBosnia and Herzegovina
100%
БългарияBulgaria
100%
ČeskoCzech Republic
100%
DanmarkDenmark
100%
EestiEstonia
100%
SuomiFinland
100%
FranceFrance
100%
DeutschlandGermany
100%
ΕλλάδαGreece
100%
ÉireIreland
100%
ItaliaItaly
100%
LatvijaLatvia
100%
LiechtensteinLiechtenstein
100%
MaltaMalta
100%
MoldovaMoldova
100%
MonacoMonaco
100%
PolskaPoland
100%
PortugalPortugal
100%
RomâniaRomania
100%
РоссияRussia
100%
SlovenskoSlovakia
100%
SlovenijaSlovenia
100%
EspañaSpain
100%
SverigeSweden
100%
United KingdomUnited Kingdom
100%
Città del VaticanoVatican City
100%
NederlandNetherlands
91%
LietuvaLithuania
88%
Северна МакедонијаNorth Macedonia
88%
MagyarországHungary
86%
KosovaKosovo
86%
NorgeNorway
86%
SchweizSwitzerland
86%
LëtzebuergLuxembourg
83%
ÍslandIceland
80%
San MarinoSan Marino
80%
Белару́сьBelarus
78%
Црна ГораMontenegro
70%
СрбијаSerbia
67%
УкраїнаUkraine
57%
HrvatskaCroatia
43%

Score Distribution

Percentile by Number Answered

Percent of People with Each Score

Your Score History

You have not taken this quiz